[Event "Maringa op 1st"]
[Site "Maringa"]
[Date "2024.07.27"]
[Round "2"]
[White "Siqueira Tran, Rebecca Mai"]
[Black "Simoncini, Luana Felipe"]
[Result "0-1"]
[WhiteElo "1800"]
[BlackElo "1535"]
[PlyCount "60"]
[EventDate "2024.07.26"]
[EventType "swiss"]
[EventRounds "6"]
[EventCountry "BRA"]
[SourceTitle "CBM 221 Extra"]
[Source "ChessBase"]
[SourceDate "2024.09.30"]
[SourceVersion "1"]
[SourceVersionDate "2024.09.30"]
[SourceQuality "1"]

1. c4 c6 2. Nc3 d5 3. b3 g6 4. d4 Bg7 5. Bf4 Nf6 6. Be5 Nbd7 7. Bxf6 Nxf6 8. e3 0-0 9. Nf3 Qa5 10. Qd2 c5 11. Be2 cxd4 12. Nxd4 e5 13. Nc2 dxc4 14. Bxc4 Rd8 15. b4 Rxd2 16. bxa5 Rxc2 17. Ne4 Nxe4 18. Bd3 Rxf2 19. Bxe4 Rb2 20. 0-0 Rb4 21. Bf3 e4 22. Be2 Bxa1 23. Rxa1 Be6 24. a3 Rb3 25. Kf2 Rc8 26. Bd1 Rb2+ 27. Kf1 Bb3 28. Bxb3 Rxb3 29. a4 Rxe3 30. Kf2 Rb3 0-1

[Event "Maringa op 1st"]
[Site "Maringa"]
[Date "2024.07.26"]
[Round "1"]
[White "De Oliveira, Maria Eduarda H"]
[Black "Siqueira Tran, Rebecca Mai"]
[Result "0-1"]
[WhiteElo "1800"]
[BlackElo "1800"]
[PlyCount "48"]
[EventDate "2024.07.26"]
[EventType "swiss"]
[EventRounds "6"]
[EventCountry "BRA"]
[SourceTitle "CBM 221 Extra"]
[Source "ChessBase"]
[SourceDate "2024.09.30"]
[SourceVersion "1"]
[SourceVersionDate "2024.09.30"]
[SourceQuality "1"]

1. d4 d5 2. Bf4 Bf5 3. e3 f6 4. Nf3 Nc6 5. Nbd2 h6 6. Be2 g5 7. Ne5 fxe5 8. dxe5 gxf4 9. Bh5+ Kd7 10. exf4 Nd4 11. g3 Nxc2+ 12. Kf1 Nxa1 13. Qxa1 e6 14. Be2 Bb4 15. Bb5+ c6 16. Ba4 Bxd2 17. f3 Qb6 18. Qd1 Qe3 19. g4 Bd3+ 20. Kg2 h5 21. gxh5 Rxh5 22. b3 Qxf4 23. Kg1 Rg5+ 24. Kf2 Qe3# 0-1